LEADER 00911nam0-2200313---450- 001 990010059590403321 005 20160401120403.0 010 $a3-531-07290-0 035 $a001005959 035 $aFED01001005959 035 $a(Aleph)001005959FED01 035 $a001005959 100 $a20160401d1987----km-y0itay50------ba 101 0 $ager 102 $aDE 105 $aa-------001yy 200 1 $a<>Entstehung der deutschen Schriftsprache$eBisherige Erklärungsmodelle neuester Forschungsstand$fWerner Besch 210 $aOpladen$cWestdeutscher Verlag$d1987 215 $a60 p.$cill.$d24 cm 225 1 $aVorträge$v290 610 0 $aLingua tedesca$aSec. 16. 676 $a430.9$v22$zita 700 1$aBesch,$bWerner$f<1928- > 801 0$aIT$bUNINA$gRICA$2UNIMARC 901 $aBK 912 $a990010059590403321 952 $a430.9 BES 1$bDip.f.m.4077$fFLFBC 959 $aFLFBC 997 $aUNINA LEADER 01877nam 2200445 n 450 001 996385836003316 005 20240619171639.0 035 $a(CKB)1000000000607812 035 $a(EEBO)2248579029 035 $a(UnM)99839155_3555e 035 $a(UnM)99839155_3555 035 $a(EXLCZ)991000000000607812 100 $a19901129d1599 uy | 101 0 $aeng 135 $aurbn#|||a|bb| 181 $ctxt$2rdacontent 182 $cc$2rdamedia 183 $acr$2rdacarrier 200 12$aA prayer for the prosperous proceedings and good successe of the Earle of Essex and his companies$ein their present expedition in Ireland against Tyrone and his adherents, rebels there. Fit to be vsed of all loyall subiects, as well in that countrie, as in England. /$fBy Iohn Norden. 210 $aImprinted at London $cby Edward Allde$d1599. 215 $a[7] p 300 $aSignatures: Aâ´. 300 $aTitle vignette of royal arms; head- and tail-pieces, initials. 300 $aFormer owner's autograph on t.p.: Hum: Dyson. 300 $aThe copy of this item at reel 2340:3k in eleventh of a group of twelve items bound and filmed together. 300 $aImperfect: leaves cropped at foot, with loss of signatures and some loss of print; some print show-through. 300 $aReproductions of original in the British Library. 330 $aeebo-0018 606 $aTyrone's Rebellion, 1597-1603$vEarly works to 1800 607 $aIreland$xHistory, 1558-1603$vEarly works to 1800 615 0$aTyrone's Rebellion, 1597-1603 700 $aNorden$b John$f1548-1625?$01003211 801 0$bCu-RivES 801 1$bCu-RivES 801 2$bCStRLIN 801 2$bWaOLN 906 $aBOOK 912 $a996385836003316 996 $aA prayer for the prosperous proceedings and good successe of the Earle of Essex and his companies$92347766 997 $aUNISA LEADER 04138nam 22005053 450 001 9910872327303321 005 20251116150204.0 010 $a3-428-41339-3 035 $a(CKB)5690000000030939 035 $a(MiAaPQ)EBC7100857 035 $a(Au-PeEL)EBL7100857 035 $a(OCoLC)1347023548 035 $a(Exl-AI)7100857 035 $a(EXLCZ)995690000000030939 100 $a20221219d2022 uy 0 101 0 $ager 135 $aurcnu|||||||| 181 $ctxt$2rdacontent 182 $cc$2rdamedia 183 $acr$2rdacarrier 200 10$aUntersuchungen Zum Deutschen Vertriebenen- und Flüchtlingsproblem $eErste Abteilung: Grundfragen. II: Schmölders, Günter Unter Mitarbeit Von H. Müller - H. Friederichs: Finanzierungsprobleme Im Zusammenhang Mit der Wirtschaftlichen Eingliederung der Heimatvertriebenen 205 $a1st ed. 210 1$aBerlin :$cDuncker & Humblot,$d2022. 210 4$d©1955. 215 $a1 online resource (169 pages) 225 1 $aSchriften des Vereins für Socialpolitik 311 08$a3-428-01339-5 327 $aInhalt -- Einleitung -- Erster Teil: Der Finanzbedarf für die soziale Eingliederung der Heimatvertriebenen -- Vorbemerkung -- I. Maßnahmen zur Beseitigung der Arbeitslosigkeit -- 1. Die Umsiedlungsprogramme -- 2. Die Arbeitsbeschaffung für die Heimatvertriebenen -- a) Das sogenannte ?Schwerpunktprogramm? -- b) Das 200-Mio.-DM-Sofortprogramm -- c) Das ?Sanierungsprogramm? -- d) Der Kost-Plan -- 3. Der Wohnungsbau für die Heimatvertriebenen -- II. Die Eingliederung der Flüchtlingsbetriebe in die westdeutsche Industriewirtschaft -- Vorbemerkung -- 1. Die Kreditaktionen für die heimatvertriebene gewerbliche Wirtschaft -- 2. Der Kapitalmangel der Flüchtlingsunternehmen -- 3. Die Auswirkung der Kredite -- 4. Steuerliche Maßnahmen zur Konsolidierung der Betriebe -- 5. Konsolidierung durch Kreditverbilligung -- 6. Allgemeine Erfordernisse für eine erfolgreiche Eingliederung -- III. Die Eingliederung der heimatvertriebenen Landbevölkerung -- 1. Die bisherigen Maßnahmen der Eingliederung -- 2. Die vorgesehene Bereitstellung von Mitteln und Vergünstigungen gemäß BVFG -- 3. Die Bilanz -- IV. Die Flüchtlingslager und ihre Finanzierung -- 1. Die Notaufnahmelager -- 2. Die ?Dauerlager? in der Bundesrepublik und ihre Auflösung -- V. Sonstige Förderungsmaßnahmen -- 1. Der Schlüchternplan -- 2. Maßnahmen zur Eingliederung der heimatvertriebenen Jugend$7Generated by AI. 330 $aThis book, edited by Professor Dr. Bernhard Pfister and authored by Professor Dr. Günter Schmölders along with H. Müller and H. Friederichs, is a comprehensive study on the socio-economic integration of German expellees and refugees post-World War II. It examines the financial, social, and political challenges faced by Germany in incorporating millions of displaced individuals into its society. The work delves into various aspects of integration, including housing, employment, and welfare provisions, highlighting the financial burden on the Federal Republic of Germany. This detailed analysis provides insights into the broader implications of forced migration and the need for organized, humane resettlement processes, as outlined in the Potsdam Agreement. The intended audience includes scholars, policymakers, and individuals interested in post-war European history and migration studies.$7Generated by AI. 410 0$aSchriften des Vereins für Socialpolitik 606 $aRefugees$zGermany$7Generated by AI 606 $aMigration, Internal$zGermany$7Generated by AI 615 0$aRefugees 615 0$aMigration, Internal 700 $aPfister$b Bernhard$0567341 701 $aMüller$b H$0335573 701 $aFriederichs$b H$01748678 701 $aSchmölders$b Günter$0375991 801 0$bMiAaPQ 801 1$bMiAaPQ 801 2$bMiAaPQ 906 $aBOOK 912 $a9910872327303321 996 $aUntersuchungen zum deutschen Vertriebenen- und Flüchtlingsproblem$94181692 997 $aUNINA